Las mil y una noches / (Registro nro. 4266)
[ vista simple ]
| 000 -LEADER | |
|---|---|
| fixed length control field | 01331nam a2200277Ia 4500 |
| 003 - CONTROL NUMBER IDENTIFIER | |
| control field | OSt |
| 005 - DATE AND TIME OF LATEST TRANSACTION | |
| control field | 20250416100534.0 |
| 008 - FIXED-LENGTH DATA ELEMENTS--GENERAL INFORMATION | |
| fixed length control field | 191128t2002 ck er 000 f spa d |
| 020 ## - INTERNATIONAL STANDARD BOOK NUMBER | |
| International Standard Book Number | 9588089441 |
| 040 ## - CATALOGING SOURCE | |
| Original cataloging agency | CO-JMCR |
| Transcribing agency | CO-JMCR |
| 041 0# - LANGUAGE CODE | |
| Language code of text/sound track or separate title | spa |
| 082 04 - DEWEY DECIMAL CLASSIFICATION NUMBER | |
| Classification number | A-N |
| Item number | MILm |
| 245 14 - TITLE STATEMENT | |
| Title | Las mil y una noches / |
| Statement of responsibility, etc. | Anónimo ; selección y traducción de Julio Samsó |
| 260 ## - PUBLICATION, DISTRIBUTION, ETC. | |
| Place of publication, distribution, etc. | Bogotá : |
| Name of publisher, distributor, etc. | El Tiempo, |
| Date of publication, distribution, etc. | ©2002 |
| 300 ## - PHYSICAL DESCRIPTION | |
| Extent | [335] páginas ; |
| Dimensions | 21 cm. |
| 490 0# - SERIES STATEMENT | |
| Series statement | Biblioteca El Tiempo. Serie II Clásicos |
| 520 ## - SUMMARY, ETC. | |
| Summary, etc. | Aladino y la lámpara maravillosa, Simbad el marino Alí Babá y los cuarenta ladrones y cientos de historias más, de corte fantástico pero con firme asidero en la realidad, que la hermosa Sherazada le va contando, noche por noche, a el gran rey Harum Al Rashid, integran esa maravillosa colección narrativa que se conoce con el nombre de Las mil y una noche, relatos de origen oriental, en su mayoría árabe, con mezcla de leyendas persas, musulmanas e hindúes. |
| 650 14 - SUBJECT ADDED ENTRY--TOPICAL TERM | |
| Topical term or geographic name entry element | Cuentos árabes |
| 9 (RLIN) | 631 |
| 650 14 - SUBJECT ADDED ENTRY--TOPICAL TERM | |
| Topical term or geographic name entry element | Historias de aventuras |
| General subdivision | cuentos |
| 9 (RLIN) | 632 |
| 650 14 - SUBJECT ADDED ENTRY--TOPICAL TERM | |
| Topical term or geographic name entry element | Animales en la literatura |
| General subdivision | cuentos |
| 9 (RLIN) | 633 |
| 650 14 - SUBJECT ADDED ENTRY--TOPICAL TERM | |
| Topical term or geographic name entry element | Amor en la literatura |
| General subdivision | cuentos |
| 9 (RLIN) | 634 |
| 650 14 - SUBJECT ADDED ENTRY--TOPICAL TERM | |
| Topical term or geographic name entry element | Marinos |
| General subdivision | cuentos |
| 9 (RLIN) | 635 |
| 650 14 - SUBJECT ADDED ENTRY--TOPICAL TERM | |
| Topical term or geographic name entry element | Ladrones |
| General subdivision | cuentos |
| 9 (RLIN) | 636 |
| 700 1# - ADDED ENTRY--PERSONAL NAME | |
| Personal name | Samsó, Julio, |
| Dates associated with a name | traductor |
| 9 (RLIN) | 637 |
| 942 ## - ADDED ENTRY ELEMENTS (KOHA) | |
| Source of classification or shelving scheme | Dewey Decimal Classification |
| Koha item type | Books |
| Withdrawn status | Lost status | Source of classification or shelving scheme | Materials specified (bound volume or other part) | Damaged status | Not for loan | Collection code | Home library | Current library | Shelving location | Date acquired | Source of acquisition | Cost, normal purchase price | Total Checkouts | Total Renewals | Full call number | Barcode | Date last seen | Date last checked out | Copy number | Price effective from | Koha item type |
|---|---|---|---|---|---|---|---|---|---|---|---|---|---|---|---|---|---|---|---|---|---|
| Dewey Decimal Classification | Donación--05/10/2018-- | Fiction | Biblioteca Pública José María del Castillo y Rada | Biblioteca Pública José María del Castillo y Rada | Processing Center | 11/28/2019 | Donación | 0.00 | 62 | 4 | A-N MILm | 201809098 | 07/22/2025 | 07/21/2025 | Ej.1 | 11/28/2019 | Books |